Trend Top v reklame
Reklama vo svete. Reklama na Slovensku. Tlač. Rádiá. Televízia. On-line reklama. Prieskum.
Salvato in:
| Natura: | Capitolo di libro |
|---|---|
| Lingua: | slovacco |
| Soggetti: | |
| Tags: |
Nessun Tag, puoi essere il primo ad aggiungerne!!
|
MARC
| LEADER | 00000naa$a2200000$$$4500 | ||
|---|---|---|---|
| 001 | 0029902 | ||
| 005 | 20231009081620.6 | ||
| 041 | 0 | |a slo | |
| 044 | |a SK | ||
| 245 | 1 | 0 | |a Trend Top v reklame |
| 520 | |a Reklama vo svete. Reklama na Slovensku. Tlač. Rádiá. Televízia. On-line reklama. Prieskum. | ||
| 610 | 2 | 0 | |a reklama |
| 610 | 2 | 0 | |a svet |
| 610 | 2 | 0 | |a Slovensko |
| 610 | 2 | 0 | |a tlač |
| 610 | 2 | 0 | |a rozhlas |
| 610 | 2 | 0 | |a televízia |
| 610 | 2 | 0 | |a internet |